| 000 | 00678nam a2200241 a 4500 | ||
|---|---|---|---|
| 001 | 000002634 | ||
| 005 | 20250707112615.0 | ||
| 008 | 090703s2009 dr 001 0 spa d | ||
| 020 | _a9789945866049 | ||
| 040 | _aDO-SdBNP | ||
| 082 |
_a334 _bM672e |
||
| 100 | 0 |
_aMiranda, Ignacio _98302 |
|
| 245 | 1 | 0 |
_aEconomía solidaria / _cIgnacio Miranda. |
| 260 |
_aSanto Domingo : _bFHI, _c2009. |
||
| 300 |
_a246p. : ; _c21 cm. |
||
| 500 | _aIncluye índice. | ||
| 590 | _a3 Copia autografiada por el autor. | ||
| 650 | 0 |
_aEconomia _985383 |
|
| 650 | 4 |
_aCooperativismo _98303 |
|
| 650 | 4 |
_aAdministración gerencial _98304 |
|
| 650 | 4 |
_aEconomía gerencial _98305 |
|
| 049 | _aBNPD | ||
| 999 |
_c2470 _d2470 |
||